| 000 | 00549nam a2200217 a 4500 | ||
|---|---|---|---|
| 999 |
_c6503 _d6503 |
||
| 001 | 6503 | ||
| 003 | BD-JhCC | ||
| 005 | 20180124110610.0 | ||
| 008 | 180124s1961 e |||| || | 000 0 eng d | ||
| 035 | _a(BD-JhCC)6503 | ||
| 040 |
_aBD-JhCC _dBD-JhCC |
||
| 041 | _aeng | ||
| 082 |
_a920 _bTAL 1961 |
||
| 245 |
_aTales of Human Endeavour an anthology / _cG. F. Lamb |
||
| 260 |
_aLondon : _bGeorge G. Harrap & Co. Ltd _c1961 |
||
| 300 |
_a227 p. : _c18 cm. |
||
| 650 | _aBiography | ||
| 700 | _aLamb, G. F. | ||
| 942 |
_2ddc _cBK |
||